| 000 | 00952nam a2200265 a 4500 | ||
|---|---|---|---|
| 003 | OSt | ||
| 005 | 20240521193439.0 | ||
| 008 | 090707s1988 dr 000 0 spa d | ||
| 040 |
_aDO-SdBNP _bspa _cBNPHU |
||
| 082 |
_a342.729307 _bL788d _222 |
||
| 100 |
_aLivio Cedeño, Víctor _946200 |
||
| 245 | 1 | 3 |
_aEl derecho electoral dominicano / _c Víctor Livio Cedeño |
| 260 |
_aSanto Domingo : _b Fundación para la Cultura, _c1988 |
||
| 300 |
_a120 p. ; _b _c21 cm. |
||
| 500 | _aIncluye datos biográficos del autor en la contracubierta | ||
| 504 | _a | ||
| 590 | _aInventariado, 2020/VM | ||
| 610 | 1 | 0 |
_aRepública Dominicana. _b Junta Central Electoral _964605 |
| 650 | 4 |
_aElecciones _xLegislación _zRepública Dominicana _9412 |
|
| 650 | 4 |
_aElecciones _zRepública Dominicana _xHistoria _92522 |
|
| 650 | 0 |
_aDerecho constitucional _910314 |
|
| 700 | 1 |
_a Silié Gatón, José A., _d1920-2014 _epról. _9747 |
|
| 910 | _aVMateo | ||
| 942 |
_2ddc _cLBS1 |
||
| 999 |
_c49234 _d49234 |
||